000 00301nam a2200121Ia 4500
008 220216s9999 xx 000 0 und d
100 _aMessenger T H
245 0 _aSolution properties of dried rubber
260 _bIRI Transactions
_c1933
300 _a190-195
650 _aDried rubber
942 _cJS
999 _c68894
_d68894